Welcome to the Holygrace Academy Library

Please use search bar below to get started

THUS SPOKE ZARATHUSTRA (Record no. 2989)

MARC details
000 -LEADER
fixed length control field 00415nam a22001577a 4500
020 ## - INTERNATIONAL STANDARD BOOK NUMBER
ISBN 978-93-80005-55-3
082 ## - DEWEY DECIMAL CLASSIFICATION NUMBER
Classification number 823
Item number ZIE/S
100 ## - MAIN ENTRY--AUTHOR NAME
Personal name NIETZSCHE, FRIEDRICH WILHELM
245 ## - TITLE STATEMENT
Title THUS SPOKE ZARATHUSTRA
Remainder of title SHORT STORY
246 ## - VARYING FORM OF TITLE
Title proper/short title THUS SPOKE ZARATHUSTRA
Remainder of title SHORT STORY
260 ## - PUBLICATION, DISTRIBUTION, ETC. (IMPRINT)
Place of publication NOIDA
Name of publisher MAPLE PRESS PRIVATE LIMITES
Year of publication 2018
300 ## - PHYSICAL DESCRIPTION
Number of Pages 334
520 ## - SUMMARY, ETC.
Summary, etc SHORT STORY
650 ## - SUBJECT ADDED ENTRY--TOPICAL TERM
Topical Term SHORT STORY
942 ## - ADDED ENTRY ELEMENTS (KOHA)
Koha item type Books
Holdings
Withdrawn status Lost status Collection code Home library Current library Shelving location Date acquired Source of acquisition Cost, normal purchase price Full call number Accession Number Koha item type
    Fiction Main Library Main Library SHELF 4-F ENGLISH CLASSICS 16/07/2019 Purchase 195.00 823 ZIE/S 11227 Books